Sports Quiz

Random Sports or Football Quiz

NFL Vinny Testaverde's Teams Quiz Stats

 Plays Quiz Updated Nov 12, 2018

Support Sporcle.
Go Orange.
Score 0/7 Timer 01:00
0 Plays Today
Years on Team Team Name % Correct
1998-2003, 2005New York Jets
95.4%
2006New England Patriots
67.3%
1987-1992Tampa Bay Buccaneers
64.8%
2004Dallas Cowboys
63.7%
1993-1995Cleveland Browns
59.8%
1996-1997Baltimore Ravens
53.4%
2007Carolina Panthers
49.8%

From the Vault

Top 20 Cities of Czechia on a Map

by DingoDongo

Well if you were travelling soon and needed a map, here you go.
Remove Ads.
Support Sporcle.
Get the best of Sporcle when you Go Orange. This ad-free experience offers more features, more stats, and more fun while also helping to support Sporcle. Thank you for becoming a member.

Show Comments

Extras

Top Quizzes Today


Score Distribution

Your Account Isn't Verified!

In order to create a playlist on Sporcle, you need to verify the email address you used during registration. Go to your Sporcle Settings to finish the process.

Report this User

Report this user for behavior that violates our Community Guidelines.

Details: